00629nam a22001697a 4500008004100000050002200041100000900063245004100072260006000113300001700173650003300190650003300223650002900256942003300285999001700318952012400335160712b xxu||||| |||| 00| 0 eng d aHC 865 .K455 2007 d2007 aKenya Vision 2030 :bpopular version aNairobi:b Government of the Republic of Kenya ,c2007. a26p.c27 cm. aKenyav Economic conditions a Kenyav social conditions a KenyavEconomic policy 2lcccBOOKhHC 865 .K455 2007 c11757d11757 00102lcc4070aMUCbMUCcSPEd2016-07-12eDonation (G O K)l0oHC 865 .K455 2007p24215r2019-05-31w2016-07-12yBOOK